Catalog

Record Details

Catalog Search



Reichssicherheitshauptamt : Bestand R 58 / Bearb. Heinz Boberach

Boberach, Heinz (Editor).

Record details

  • Physical Description: 667 s
  • Publisher: Koblenz : Bundesarchiv, 1992

Content descriptions

General Note:
Rejstříky s. 599-667.

Available copies

  • 1 of 1 copy available at Common Catalog SPOK.

Holds

  • 0 current holds with 1 total copy.
Show Only Available Copies
Location Call Number / Copy Notes Barcode Shelving Location Status Due Date
Terezin Initiative Institute M 1960 4594301960 Knihovna ITI Available -

LDR 00722nam a2200265 a 4500
00126180
003CZ-PrJAB
00520220904083448.0
008010529s1992 xr gr 0 ger
035 . ‡a(CONS)988
035 . ‡a(CZ PrSKC)000357665
040 . ‡aABB083 ‡bcze
080 . ‡a930.255(430) ‡2MRF
24500. ‡aReichssicherheitshauptamt : ‡bBestand R 58 / ‡cBearb. Heinz Boberach
260 . ‡aKoblenz : ‡bBundesarchiv, ‡c1992
300 . ‡a667 s
4900 . ‡aFindbücher zu Beständen des Bundesarchivs ; ‡vBd. 22
500 . ‡aRejstříky s. 599-667.
7001 . ‡aBoberach, Heinz ‡4edt
8524 . ‡bJACH-ITI ‡bJACH-ITI ‡cKnihovna ITI ‡jM 1960 ‡pM1960 ‡y$0.00
910 . ‡aABE340 ‡b1960
995 . ‡askok
901 . ‡a26180 ‡bSystem ‡c26180 ‡tbiblio

Additional Resources